Quo vadis, Inter? futbalová Mars superliga - 23. kolo futbalová Mars superliga - 23. kolo

Bibliographic Details
Format: Article
Language:Slovak
PhysicalDescription:Fotogr.
ISSN:0139-7001
Subjects:

MARC

LEADER 00000nab a2200000 a 4500
001 vtls000788936
003 SK-MaSNL
005 20260302155750.0
008 040806c2002 xo 0 slo
015 |a SNBRB2002/04-11450 
035 |a CLN000140591 
040 |a SNKBUCL  |b slo  |c SNKBUCL  |e AACR2 
041 0 |a slo 
044 |a xo  |c SK 
080 |a 796.332.093.1  |2 UDC-MRF-SK2 
245 0 0 |a Quo vadis, Inter?  |b futbalová Mars superliga - 23. kolo futbalová Mars superliga - 23. kolo 
300 |b Fotogr. 
650 0 7 |a futbal  |x Mars superliga  |x kolo 23.  |y sezóna 2001/2002  |2 snkbucl  |9 854751 
655 7 |a články z novín a časopisov  |2 snkbucl  |9 267496 
773 0 |x 0139-7001  |t Šport  |g Roč. 56, č. 71 (25.3.2002), s. 6-11 
850 |a Slovenská národná knižnica v Martine 
852 |a SNK  |b KIS3GCP 
999 |c 1372521  |d 1374451